| 000 | 00847nam a2200265 a 4500 | ||
|---|---|---|---|
| 001 | 24516 | ||
| 003 | CO-ViMGA | ||
| 008 | 141112s2004 ck r 000 u spa d | ||
| 015 | _ack - 2009 - xxxx | ||
| 020 | _a9789583384738 (Serie) | ||
| 040 |
_aCO-ViMGA _bspa _cCO-ViMGA |
||
| 082 | 0 | 4 | _a747.7 A748c |
| 245 | 1 | 0 |
_aCalor de hogar : _bconstrucción, reparación, decoración / _cilustraciones de Ani Velásquez. |
| 250 | _a4 | ||
| 260 |
_aMedellín : _bFundación Secretos para Contar, _c2009. |
||
| 300 | _a167 p. : il. ; 27 cm. | ||
| 490 | _aSecretos para contar | ||
| 596 | _a5 7 | ||
| 598 | _aNEW - GRAL | ||
| 650 | 1 | 4 |
_aReparaciones _936455 |
| 700 | 1 |
_aVelásquez, Ani, il. _936456 |
|
| 917 | _a2009 - 2979 2 ejemplares | ||
| 942 |
_2ddc _cBK |
||
| 990 | _a2009 - 2979 Fundación Secretos para Contar 2 ejemplares 21 19052009 a670277 | ||
| 999 |
_c32345 _d32345 |
||